000 00356nam a2200145Ia 4500
008 150201s2011 xx 000 0 und d
082 _a621.381
_bSED
100 _aSedra,A.S
245 _aMicroelectronic Circuits
250 _a5th . Ed.
260 _bOxford University Press
_aN.Delhi
_c2011
300 _a1171p.
700 _aSmith,K.C
942 _2ddc
_cBK
999 _c5397
_d5397